00796nam a2200169 a 450000100100000000500170001000800410002704000250006824500590009326000360015230000200018871000740020895201110028295201110039395201050050499900170060900003795820201002031137.0130311s2007 dr 000 0 spa d aDO-SdBNPbspacBNPHU00aCelebración día internacional del derecho a saber. aSanto Domingo :bCONARE,c2007. a51 p. ;c26 cm.2 aConsejo Nacional de Reforma del Estado (República Dominican)964369 0010718DSaGRbGRcCTd2013-03-11iLF1l0o p37958-30r2020-06-25te. 3w2020-06-25yLFDSZNo se presta 0010718PDaPDbPDcCTd2013-03-11iLF1l0o p37958-10r2020-06-25te. 2w2020-06-25yLFPDZNo se presta 0010718PDaPDbPDcCTd2013-03-11iLF1l0o p37958-20r2020-06-25w2020-06-25yLFPDZNo se presta c37448d37448